000 01962cam a2200397 a 4500
999 _c21121
_d21121
001 12463049
003 OSt
005 20200616103424.0
008 010406s2001 ii b 001 0 eng
010 _a 2001294113
020 _a0195655257
020 _a9780195655254
025 _aI-E-2001-294113; 69-92
035 _a(DLC) 200129411
037 _bLibrary of Congress -- New Delhi Field Office
_cRs495.00
040 _aDLC
_coclc
_dDLC
042 _alcode
043 _aa-ii---
050 0 0 _aHN683.5
_b.S835 2001
082 _a301.0954
_bVIS/S
100 _92947
_aVisvanathan, Susan
245 0 0 _aStructure and transformation :
_btheory and society in India /
_cSusan Visvanathan.
260 _aNew Delhi ;
_aNew York :
_bOxford University Press,
_cc2001.
300 _axv, 219 p. ;
_c22 cm.
504 _aIncludes bibliographical references and index.
505 0 _aStructure and culture : the debates / Sheena Jain -- Framework in change : colonial Indian society / Satish Saberwal -- On understanding caste and class / K.L. Sharma -- Forest dwellers and tribals in India / Savyasaachi -- Anomie, alienation, and involvement / Kuriakose Mamkoottam -- Gender and work in Indian society / Cherian Joseph -- Women and migration / Tulsi Patel -- Interpretations of the city / Susan Visvanathan -- Plantation labour in South and South-East Asia / Shobhita Jain -- Religion and the Geddesian theory of the city / Shiv Visvanathan.
520 _aContributed articles.
650 0 _aSociology
_zIndia.
651 0 _aIndia
_xSocial conditions
_y1947-
700 1 _aVisvanathan, Susan.
856 4 1 _3Table of contents only
_uhttp://www.loc.gov/catdir/toc/fy02/2001294113.html
856 4 2 _3Publisher description
_uhttp://www.loc.gov/catdir/enhancements/fy0611/2001294113-d.html
906 _a7
_bcbc
_corigode
_d3
_encip
_f20
_gy-gencatlg
942 _2ddc
_cBK
_h301.0954
_iVIS/S
_k301.0954
_mVIS/S